Statistics for Name Parishes of Jamaica

Click here to take the quiz!

General Stats

  • This quiz has been taken 47 times
  • The average score is 9 of 14

Answer Stats

HintAnswer% Correct
Harbour, the main cityKingston
90%
Half Way Tree, Bob Marley Museum,St Andrew
73%
Marcus Garvey Bust, Colombus first landed here, Dunn's River Falls, Ocho RiosSt Ann
73%
Mocho, May PenClarendon
70%
Errol Flynn, San San, Boston JerkPortland
67%
Negril, Savanna-la-mar, white sand beachesWestmoreland
67%
Rhodes Hall Plantation, LuceaHanover
63%
Hellshire (home of the best Escoveitch fish), Bogwalk Gorge, Spanish TownSt Catherine
63%
Christiana, NCU main campusManchester
60%
Lovers Leap, Black River, Bread Basket ParishSt Elizabeth
60%
Montego Bay, Sumfest, Sangsters AirportSt James
60%
Highgate, Port Maria, Noel Coward's home (Firefly)St Mary
60%
South Easternmost parish, Belvedere Farm, Bees, Morant BaySt Thomas
60%
Cockpit Country, birth parish of Usain Bolt, FalmouthTrelawny
57%

Score Distribution

Percentile by Number Answered

Percent of People with Each Score

Your Score History

You have not taken this quiz